[Event "Eastern Asia-ch U14"]
[Site "Tornelo INT"]
[Date "2021.10.31"]
[Round "7"]
[White "Sarvad, Senthil"]
[Black "Aashman, Gupta"]
[Result "0-1"]
[WhiteElo "1178"]
[BlackElo "1695"]
[PlyCount "86"]
[EventDate "2021.10.29"]
[EventType "swiss"]
[EventRounds "9"]
[EventCountry "NET"]
[SourceTitle "EXT 2023"]
[Source "ChessBase"]
[SourceDate "2022.10.05"]
[SourceVersion "1"]
[SourceVersionDate "2022.10.05"]
[SourceQuality "1"]

1. e4 e5 2. Nf3 Nc6 3. Bb5 Nf6 4. Qe2 Bc5 5. 0-0 d6 6. c3 0-0 7. Rd1 Re8 8. d3 Bd7 9. Nbd2 a6 10. Ba4 b5 11. Bc2 Ng4 12. Rf1 Bb6 13. h3 Nf6 14. Rd1 Ne7 15. Nf1 Ng6 16. Be3 Bxe3 17. fxe3 d5 18. Ng3 dxe4 19. dxe4 Qc8 20. Nf5 Qb7 21. Nd2 Rad8 22. g4 h6 23. Qf2 Qb6 24. Rf1 Nh7 25. Nf3 Be6 26. h4 Ngf8 27. Rae1 Bxf5 28. exf5 e4 29. Nd2 Nf6 30. Re2 Nxg4 31. Qg3 h5 32. Nxe4 Nh7 33. Rf3 Nhf6 34. Ng5 Rd7 35. Kg2 Rde7 36. e4 Nd7 37. f6 gxf6 38. Nh3 Qd6 39. Nf4 Nde5 40. Nxh5 Kh7 41. Rf5 Rg8 42. Kf1 Qb6 43. Qf3 Nxf3 0-1

[Event "Eastern Asia-ch U14"]
[Site "Tornelo INT"]
[Date "2021.10.29"]
[Round "3"]
[White "Sarvad, Senthil"]
[Black "Chidvilash, Sai Surapaneni"]
[Result "0-1"]
[WhiteElo "1178"]
[BlackElo "1646"]
[PlyCount "114"]
[EventDate "2021.10.29"]
[EventType "swiss"]
[EventRounds "9"]
[EventCountry "NET"]
[SourceTitle "EXT 2023"]
[Source "ChessBase"]
[SourceDate "2022.10.05"]
[SourceVersion "1"]
[SourceVersionDate "2022.10.05"]
[SourceQuality "1"]

1. e4 c6 2. d4 d5 3. e5 Bf5 4. Nf3 e6 5. Bd3 Bxd3 6. Qxd3 c5 7. c3 Nd7 8. 0-0 Ne7 9. Nbd2 Nc6 10. Rd1 Be7 11. Nf1 cxd4 12. cxd4 0-0 13. Ng3 Rc8 14. a3 Na5 15. b3 Qb6 16. b4 Nc4 17. Nd2 Rfd8 18. Nxc4 Rxc4 19. Bb2 a5 20. Nh5 Nf8 21. Qg3 Ng6 22. Bc3 axb4 23. axb4 Rdc8 24. Bb2 Rxb4 25. Ba3 Rb3 26. Rd3 Rxd3 27. Qxd3 Bxa3 28. Qxa3 Qxd4 29. Rb1 Qxe5 30. Ng3 h5 31. Qb4 h4 32. Nf1 Rd8 33. Qxb7 d4 34. Qf3 d3 35. Rd1 Qd4 36. Ne3 Ne5 37. Qh5 Nc4 38. Nxc4 Qxc4 39. h3 Qd4 40. Qf3 e5 41. Qh5 Qe4 42. Qg5 f6 43. Qd2 Qe2 44. Qc1 d2 45. Qc2 Qe1+ 46. Kh2 Qxf2 47. Qb3+ Kh8 48. Kh1 e4 49. Qa4 e3 50. Qa5 Rf8 51. Qh5+ Kg8 52. Qd5+ Rf7 53. Qa8+ Kh7 54. Qe4+ f5 55. Qe6 e2 56. Qxf7 exd1Q+ 57. Kh2 Qg3# 0-1